<?xml version="1.0" encoding="UTF-8"?>
<record
    xmlns:xsi="http://www.w3.org/2001/XMLSchema-instance"
    xsi:schemaLocation="http://www.loc.gov/MARC21/slim http://www.loc.gov/standards/marcxml/schema/MARC21slim.xsd"
    xmlns="http://www.loc.gov/MARC21/slim">

  <leader>01376nam a2200241Ia 4500</leader>
  <controlfield tag="003">OSt</controlfield>
  <controlfield tag="005">20251107155335.0</controlfield>
  <controlfield tag="008">210210b2015   xxu||||| |||| 00| 0 eng d</controlfield>
  <datafield tag="040" ind1=" " ind2=" ">
    <subfield code="c">AL</subfield>
  </datafield>
  <datafield tag="041" ind1=" " ind2=" ">
    <subfield code="a">Kannada</subfield>
  </datafield>
  <datafield tag="082" ind1=" " ind2=" ">
    <subfield code="a">307.7K PARN</subfield>
  </datafield>
  <datafield tag="100" ind1=" " ind2=" ">
    <subfield code="a">PARAMJYOTHI</subfield>
    <subfield code="d">&#xCAA;&#xCB0;&#xC82;&#xC9C;&#xCCD;&#xCAF;&#xCCB;&#xCA4;&#xCBF; (&#xC95;&#xCC6;.&#xCAA;&#xCBF;. &#xCB8;&#xCCD;&#xCB5;&#xCBE;&#xCAE;&#xCBF;)</subfield>
    <subfield code="9">244794</subfield>
  </datafield>
  <datafield tag="245" ind1=" " ind2=" ">
    <subfield code="a">Nilagiri: samajika samskritika kannota</subfield>
    <subfield code="b">&#xCA8;&#xCC0;&#xCB2;&#xC97;&#xCBF;&#xCB0;&#xCBF;: &#xCB8;&#xCBE;&#xCAE;&#xCBE;&#xC9C;&#xCBF;&#xC95; &#xCB8;&#xCBE;&#xC82;&#xCB8;&#xCCD;&#xC95;&#xCC3;&#xCA4;&#xCBF;&#xC95;</subfield>
  </datafield>
  <datafield tag="260" ind1=" " ind2=" ">
    <subfield code="a">Bengaluru</subfield>
    <subfield code="b">Inchara Prakashana</subfield>
    <subfield code="c">2015</subfield>
  </datafield>
  <datafield tag="300" ind1=" " ind2=" ">
    <subfield code="a">244</subfield>
  </datafield>
  <datafield tag="520" ind1=" " ind2=" ">
    <subfield code="a">&#xCA8;&#xCC0;&#xCB2;&#xC97;&#xCBF;&#xCB0;&#xCBF;: &#xCB8;&#xCBE;&#xCAE;&#xCBE;&#xC9C;&#xCBF;&#xC95; &#xCB8;&#xCBE;&#xC82;&#xCB8;&#xCCD;&#xC95;&#xCC3;&#xCA4;&#xCBF;&#xC95; &#xC95;&#xCA3;&#xCCD;&#xCA3;&#xCCB;&#xC9F;' &#xC8E;&#xC82;&#xCAC;&#xCC1;&#xCA6;&#xCC1; &#xCAA;&#xCB0;&#xC82;&#xC9C;&#xCCD;&#xCAF;&#xCCB;&#xCA4;&#xCBF; (&#xC95;&#xCC6;.&#xCAA;&#xCBF;. &#xCB8;&#xCCD;&#xCB5;&#xCBE;&#xCAE;&#xCBF;) &#xC85;&#xCB5;&#xCB0;&#xCC1; &#xCAC;&#xCB0;&#xCC6;&#xCA6; &#xCAA;&#xCC1;&#xCB8;&#xCCD;&#xCA4;&#xC95;&#xCB5;&#xCBE;&#xC97;&#xCBF;&#xCA6;&#xCCD;&#xCA6;&#xCC1;, &#xCA8;&#xCC0;&#xCB2;&#xC97;&#xCBF;&#xCB0;&#xCBF; &#xCAA;&#xCCD;&#xCB0;&#xCA6;&#xCC7;&#xCB6;&#xCA6; &#xCB8;&#xCBE;&#xCAE;&#xCBE;&#xC9C;&#xCBF;&#xC95; &#xCAE;&#xCA4;&#xCCD;&#xCA4;&#xCC1; &#xCB8;&#xCBE;&#xC82;&#xCB8;&#xCCD;&#xC95;&#xCC3;&#xCA4;&#xCBF;&#xC95; &#xCB5;&#xCBF;&#xCB7;&#xCAF;&#xC97;&#xCB3; &#xCAC;&#xC97;&#xCCD;&#xC97;&#xCC6; &#xCB5;&#xCBF;&#xCB5;&#xCB0;&#xCBF;&#xCB8;&#xCC1;&#xCA4;&#xCCD;&#xCA4;&#xCA6;&#xCC6;. &#xCB2;&#xCC7;&#xC96;&#xC95;&#xCB0;&#xCC1; &#xCA8;&#xCC0;&#xCB2;&#xC97;&#xCBF;&#xCB0;&#xCBF;&#xCAF;&#xCB2;&#xCCD;&#xCB2;&#xCBF; &#xCA8;&#xCC6;&#xCB2;&#xCC6;&#xCB8;&#xCBF;&#xCA6;&#xCCD;&#xCA6; &#xC95;&#xCBE;&#xCB0;&#xCA3;, &#xC86; &#xCAA;&#xCCD;&#xCB0;&#xCA6;&#xCC7;&#xCB6;&#xCA6; &#xCAE;&#xCC7;&#xCB2;&#xCC6; &#xCAC;&#xCB0;&#xCC6;&#xCA6; &#xCAA;&#xCC1;&#xCB8;&#xCCD;&#xCA4;&#xC95; &#xC87;&#xCA6;&#xCBE;&#xC97;&#xCBF;&#xCA6;&#xCC6;. 
</subfield>
  </datafield>
  <datafield tag="650" ind1=" " ind2=" ">
    <subfield code="a">samskritika</subfield>
    <subfield code="9">244795</subfield>
  </datafield>
  <datafield tag="650" ind1=" " ind2=" ">
    <subfield code="a">Nilagiri:samajika</subfield>
    <subfield code="9">244796</subfield>
  </datafield>
  <datafield tag="650" ind1=" " ind2=" ">
    <subfield code="a">kannota</subfield>
    <subfield code="9">244797</subfield>
  </datafield>
  <datafield tag="690" ind1=" " ind2=" ">
    <subfield code="a">Tribal Communities</subfield>
    <subfield code="9">244798</subfield>
  </datafield>
  <datafield tag="906" ind1=" " ind2=" ">
    <subfield code="a">070295</subfield>
  </datafield>
  <datafield tag="942" ind1=" " ind2=" ">
    <subfield code="2">ddc</subfield>
    <subfield code="c">BK</subfield>
  </datafield>
  <datafield tag="999" ind1=" " ind2=" ">
    <subfield code="c">119835</subfield>
    <subfield code="d">119835</subfield>
  </datafield>
  <datafield tag="952" ind1=" " ind2=" ">
    <subfield code="0">0</subfield>
    <subfield code="1">0</subfield>
    <subfield code="2">ddc</subfield>
    <subfield code="4">0</subfield>
    <subfield code="7">0</subfield>
    <subfield code="8">SOC</subfield>
    <subfield code="a">AL</subfield>
    <subfield code="b">AL</subfield>
    <subfield code="c">Sociology</subfield>
    <subfield code="d">2021-02-17</subfield>
    <subfield code="e">Navakarnataka Publication Pvt Ltd Mangalore</subfield>
    <subfield code="g">750.00</subfield>
    <subfield code="l">0</subfield>
    <subfield code="o">307.7K PARN</subfield>
    <subfield code="p">070295</subfield>
    <subfield code="r">2021-02-17 00:00:00</subfield>
    <subfield code="w">2021-02-17</subfield>
    <subfield code="y">BK</subfield>
  </datafield>
</record>
